[Event "AUTO-OPEN-2080"]
[Site "http://www.queenalice.com/game.php?id=821988"]
[Date "2010.8.23"]
[Round "1"]
[White "PU1JQF"]
[Black "math_amorim"]
[Result "0-1"]
[WhiteElo "1459"]
[BlackElo "1765"]

1. e4 e6 2. d3 d5 3. Nc3 d4 4. Nb5 a6 5. Na3 Bb4+ 6. c3 dxc3 7. bxc3 Bxc3+ 8.
Bd2 Bxa1 9. Qxa1 Nf6 10. Qc3 g6 11. Nf3 O-O 12. Be2 Nbd7 13. O-O b6 14. e5 Nd5
15. Qc6 Bb7 16. Qc4 b5 17. Nxb5 N7b6 18. Qg4 f5 19. Qh3 axb5 20. Rb1 Rxa2 21. d4
Rxd2 22. Nxd2 Nf4 23. Qe3 Nxg2 24. Bf3 Nxe3 25. fxe3 Qg5+ 26. Kf2 Be4 27. Nxe4
fxe4 28. Rxb5 Rxf3+ 29. Ke2 Qg2+ 30. Kd1 Rf1# 0-1

[Event "AUTO-OPEN-2080"]
[Site "http://www.queenalice.com/game.php?id=821989"]
[Date "2010.8.23"]
[Round "1"]
[White "math_amorim"]
[Black "PU1JQF"]
[Result "1-0"]
[WhiteElo "1762"]
[BlackElo "1435"]

1. e4 d5 2. exd5 Qxd5 3. Nc3 Qe6+ 4. Be2 Nc6 5. Nf3 Ne5 6. O-O Bd7 7. Ng5 Qc6 8.
d4 Ng6 9. Bb5 Qf6 10. Nge4 Qh4 11. Bxd7+ Kd8 12. Bg5 Qh6 13. Qf3 Nh4 14. Qxf7
Nf6 15. Bxh6 Nxd7 16. Bg5 Ng6 17. f4 c5 18. Nd5 Nb6 19. Nxb6 axb6 20. dxc5 Ra4
21. Rfd1+ Kc7 22. cxb6+ Kxb6 23. Qb3+ Ka5 24. Rd5+ Ka6 25. Nc5+ Ka7 26. Qxb7#
1-0

[Event "AUTO-OPEN-2080"]
[Site "http://www.queenalice.com/game.php?id=822016"]
[Date "2010.8.23"]
[Round "1"]
[White "Zwartkijker"]
[Black "math_amorim"]
[Result "1/2-1/2"]
[WhiteElo "2232"]
[BlackElo "1769"]

1. d4 Nf6 2. c4 g6 3. Nc3 d5 4. cxd5 Nxd5 5. e4 Nxc3 6. bxc3 c5 7. Bc4 Bg7 8.
Be3 O-O 9. Ne2 Nc6 10. O-O Bg4 11. f3 Na5 12. Bxf7+ Rxf7 13. fxg4 Rxf1+ 14. Qxf1
Qd7 15. h3 Nc4 16. Qc1 Qe6 17. Ng3 cxd4 18. cxd4 Rd8 19. Ne2 b5 20. e5 Rc8 21.
Nf4 Qc6 22. Bf2 Bh6 23. h4 Rf8 24. g5 Bg7 25. a4 bxa4 26. d5 Qa6 27. Ne6 Rxf2
28. Kxf2 Bxe5 29. Kg1 Bxa1 30. Qxa1 Nb2 31. Qxb2 Qb6+ 32. Qf2 a3 33. Nd4 Qb1+
34. Kh2 a2 35. Nc2 a1=Q 36. Nxa1 Qxa1 37. Qe3 Qa4 1/2-1/2

[Event "AUTO-OPEN-2080"]
[Site "http://www.queenalice.com/game.php?id=822017"]
[Date "2010.8.23"]
[Round "1"]
[White "math_amorim"]
[Black "Zwartkijker"]
[Result "0-1"]
[WhiteElo "1783"]
[BlackElo "2266"]

1. d4 Nf6 2. c4 c5 3. d5 b5 4. cxb5 a6 5. e3 d6 6. Nc3 g6 7. bxa6 Bxa6 8. Bxa6
Nxa6 9. Nf3 Bg7 10. e4 O-O 11. O-O Qb6 12. a3 Rfb8 13. Nd2 Nc7 14. Nc4 Qa6 15.
Qe2 Nd7 16. Re1 Nb5 17. Nxb5 Rxb5 18. Bg5 Ne5 19. Bxe7 Nxc4 20. Qxc4 Rb7 21.
Qxa6 Rxa6 22. Bg5 Rxb2 23. Kf1 h6 24. Bf4 g5 25. Bg3 h5 26. h4 gxh4 27. Bxh4 Be5
28. Bg3 Bxg3 29. fxg3 Kf8 30. Re2 Rb3 31. a4 Ra5 32. Kf2 Ke7 33. Re3 Rb4 34. Rh1
Raxa4 35. Rxh5 Rxe4 36. Rb3 Reb4 37. Re3+ Kf8 38. Rh6 Ra2+ 39. Kf3 Rb6 40. Re5
Rb3+ 41. Re3 Rxe3+ 42. Kxe3 Ke7 43. Kf3 Rd2 44. Rh5 Rd3+ 45. Kf2 c4 46. Rh4 c3
47. Rc4 Kf6 48. Ke2 Rxg3 49. Kf2 Rd3 50. Ke2 Rd2+ 51. Ke1 Rxg2 52. Rxc3 Rg5 53.
Rf3+ Rf5 54. Rd3 Ke5 55. Kd2 Rf4 56. Ke3 f5 57. Rd2 Re4+ 58. Kf3 Rd4 59. Re2+
Kxd5 60. Re7 Re4 61. Rd7 Ke6 62. Rg7 d5 63. Rg8 d4 64. Ra8 Kd5 65. Ra5+ Kc4 66.
Rxf5 Re8 67. Rf7 d3 68. Rd7 Kc3 69. Rc7+ Kb2 70. Rd7 Kc2 71. Kf2 d2 72. Rc7+ Kd1
73. Kf1 Rf8+ 74. Kg2 Rf5 0-1

[Event "AUTO-OPEN-2080"]
[Site "http://www.queenalice.com/game.php?id=822036"]
[Date "2010.8.23"]
[Round "1"]
[White "math_amorim"]
[Black "hmshmshms"]
[Result "1-0"]
[WhiteElo "1756"]
[BlackElo "1510"]

1. c4 e5 2. Nc3 Nc6 3. g3 Nf6 4. Bg2 Nd4 5. e3 Nc6 6. Nge2 e4 7. Nxe4 d5 8.
Nxf6+ gxf6 9. cxd5 Ne5 10. d4 Ng4 11. h3 Nh6 12. e4 c6 13. dxc6 bxc6 14. e5 fxe5
15. Bxc6+ Bd7 16. Bxa8 Qxa8 17. d5 Bg7 18. Nc3 O-O 19. Bxh6 Bxh6 20. Qh5 Bg7 21.
O-O-O Qb7 22. Rhe1 Rc8 23. Re3 e4 24. Rxe4 Bxc3 25. bxc3 Rxc3+ 26. Kd2 Qb2+ 27.
Ke1 Rc1 28. Qg5+ Kh8 29. Qxc1 Qxc1 30. Rxc1 1-0

[Event "AUTO-OPEN-2080"]
[Site "http://www.queenalice.com/game.php?id=822037"]
[Date "2010.8.23"]
[Round "1"]
[White "hmshmshms"]
[Black "math_amorim"]
[Result "0-1"]
[WhiteElo "1498"]
[BlackElo "1750"]

1. e4 e5 2. Nf3 Nc6 3. Nc3 g6 4. Bc4 Bg7 5. d3 Nf6 6. Ng5 O-O 7. Qf3 Nd4 8. Qh3
Nxc2+ 9. Ke2 d5 10. Nxd5 Bxh3 11. gxh3 Nxa1 12. Be3 Nc2 13. Bc5 Nd4+ 14. Bxd4
exd4 15. Nxf6+ Bxf6 16. Bxf7+ Rxf7 0-1

[Event "AUTO-ADV-2038"]
[Site "http://www.queenalice.com/game.php?id=886384"]
[Date "2011.1.15"]
[Round "1"]
[White "jpzenitram"]
[Black "math_amorim"]
[Result "0-1"]
[WhiteElo "1859"]
[BlackElo "1882"]

1. e4 e6 2. Nc3 d5 3. d3 d4 4. Nce2 Nc6 5. b3 Bb4+ 6. Bd2 Bxd2+ 7. Qxd2 e5 8.
Nf3 Bg4 9. Qg5 Qxg5 10. Nxg5 h6 11. f3 hxg5 12. fxg4 Nf6 13. O-O-O Nxg4 14. Ng3
Nf2 15. Be2 Nxd1 16. Bxd1 g6 17. h3 b5 18. Bg4 Ke7 19. Nf1 b4 20. Nd2 a5 21. Kb2
Rhb8 22. Ra1 a4 23. Rc1 f6 24. g3 Ra6 25. Nf3 axb3 26. cxb3 Rf8 27. Nh2 f5 28.
exf5 gxf5 0-1

[Event "AUTO-ADV-2038"]
[Site "http://www.queenalice.com/game.php?id=886385"]
[Date "2011.1.15"]
[Round "1"]
[White "math_amorim"]
[Black "jpzenitram"]
[Result "1-0"]
[WhiteElo "1865"]
[BlackElo "1893"]

1. e4 d6 2. d4 Nf6 3. Nc3 g6 4. Nf3 Bg7 5. Bg5 Nc6 6. d5 Nb8 7. Bd3 O-O 8. O-O
Bg4 9. h3 Bxf3 10. Qxf3 Nbd7 11. Rae1 Ne5 12. Qe3 c5 13. Be2 a6 14. f4 Ned7 15.
e5 dxe5 16. fxe5 Ne8 17. e6 Bd4 18. exd7 Bxe3+ 19. Bxe3 Qxd7 20. Bxc5 Nf6 21. d6
exd6 22. Bd4 Ne8 23. Nd5 Qc6 24. Ne7# 1-0

[Event "AUTO-ADV-2038"]
[Site "http://www.queenalice.com/game.php?id=886398"]
[Date "2011.1.15"]
[Round "1"]
[White "faresjo"]
[Black "math_amorim"]
[Result "0-1"]
[WhiteElo "2019"]
[BlackElo "1781"]

1. e4 e6 2. d4 d5 3. exd5 exd5 4. Bd3 Nf6 5. Bf4 Bg4 6. Nf3 Qe7+ 7. Qe2 Bxf3 8.
gxf3 Nc6 9. Qxe7+ Bxe7 10. c3 O-O-O 11. Nd2 g6 12. O-O-O Nh5 13. Bg3 f5 14. Be5
Nxe5 15. dxe5 Nf4 16. Bc2 Ne2+ 17. Kb1 Rhe8 18. Bd3 Nf4 19. Bb5 c6 20. Ba4 Bc5
21. c4 dxc4 22. Nxc4 b5 0-1

[Event "AUTO-ADV-2038"]
[Site "http://www.queenalice.com/game.php?id=886399"]
[Date "2011.1.15"]
[Round "1"]
[White "math_amorim"]
[Black "faresjo"]
[Result "1-0"]
[WhiteElo "1807"]
[BlackElo "1993"]

1. e4 c5 2. Nf3 d6 3. d4 cxd4 4. Nxd4 Nf6 5. Nc3 g6 6. Bd3 Bg7 7. O-O O-O 8. Be2
Nc6 9. Be3 Bd7 10. f4 a6 11. Qd3 Rc8 12. Nxc6 Bxc6 13. Rad1 Qa5 14. a3 Nd7 15.
Bd4 Nf6 16. Qe3 Qc7 17. e5 dxe5 18. fxe5 Nd7 19. e6 fxe6 20. Qxe6+ Kh8 21. Bxg7+
1-0

[Event "AUTO-ADV-2038"]
[Site "http://www.queenalice.com/game.php?id=886406"]
[Date "2011.1.15"]
[Round "1"]
[White "justeldiablo"]
[Black "math_amorim"]
[Result "0-1"]
[WhiteElo "1863"]
[BlackElo "1848"]

1. d4 Nf6 2. Nc3 d5 3. Bg5 c6 4. Bxf6 exf6 5. a3 Bg4 6. h3 Be6 7. e4 dxe4 8.
Nxe4 f5 9. Nc3 Nd7 10. d5 cxd5 11. Bb5 a6 12. Bxd7+ Qxd7 13. Nf3 Bc5 14. O-O O-O
15. Kh1 f4 16. Kh2 Rad8 17. b4 Bb6 18. Ne2 Bf5 19. Ned4 Be4 20. c3 Qd6 21. a4 a5
22. Nb5 Qf6 23. Nbd4 Rc8 24. Rc1 axb4 25. cxb4 Rxc1 26. Qxc1 Bxd4 27. Nxd4 Qxd4
28. Qxf4 Qxb4 29. f3 Qxa4 30. fxe4 Qxe4 31. Qd6 Qe6 32. Qb4 Qc6 33. Re1 b5 34.
h4 Qc4 35. Qe7 b4 36. h5 Qf4+ 37. g3 Qd2+ 38. Kh3 b3 39. g4 b2 40. g5 Qd3+ 41.
Re3 Qf1+ 42. Kg4 b1=Q 43. h6 Qg1+ 44. Kf4 Qbf1+ 45. Ke5 Qxe3+ 46. Kd6 Qff4+ 0-1

[Event "AUTO-ADV-2038"]
[Site "http://www.queenalice.com/game.php?id=886407"]
[Date "2011.1.15"]
[Round "1"]
[White "math_amorim"]
[Black "justeldiablo"]
[Result "1-0"]
[WhiteElo "1830"]
[BlackElo "1881"]

1. d4 d5 2. c4 Nf6 3. cxd5 Nxd5 4. e4 Nb6 5. Nc3 e6 6. Nf3 Bb4 7. Qb3 Bxc3+ 8.
Qxc3 O-O 9. Bf4 c6 10. Bd3 N8d7 11. Bd6 Re8 12. O-O Na4 13. Qa3 b5 14. Rac1 Bb7
15. Ne5 Nxe5 16. dxe5 Nb6 17. Rfd1 Qh4 18. Bc7 Nd7 19. Qb4 Nb6 20. Qc5 Na4 21.
Qa3 Nb6 22. Rc2 Nd7 23. Rcd2 Nf8 24. g3 Qg4 25. Qc5 Ng6 26. Qe3 Rec8 27. Be2 Qh3
28. Rd8+ Rxd8 29. Rxd8+ Rxd8 30. Bxd8 Nxe5 31. Be7 Ng4 32. Bxg4 Qxg4 33. f3 Qh5
34. Qxa7 h6 35. Kg2 Qe5 36. Qxb7 Qxb2+ 37. Kh3 Qxa2 38. Qxc6 Qc4 39. Qe8+ Kh7
40. Qxf7 e5 41. Qxc4 bxc4 42. Bb4 Kg6 43. Bc3 Kf6 44. f4 Ke6 45. f5+ Kd6 46. Kg4
1-0

[Event "AUTO-ADV-2038"]
[Site "http://www.queenalice.com/game.php?id=930410"]
[Date "2011.4.26"]
[Round "2"]
[White "marcao"]
[Black "math_amorim"]
[Result "0-1"]
[WhiteElo "1745"]
[BlackElo "1953"]

1. d4 Nf6 2. Nc3 g6 3. e4 d6 4. Bc4 Bg7 5. Nf3 Nc6 6. O-O Nxe4 7. Nxe4 d5 8. Bb5
dxe4 9. Bxc6+ bxc6 10. Ne5 c5 11. c3 cxd4 12. Nc6 Qd7 13. Nxd4 O-O 14. Re1 e5
15. Nb3 Qxd1 16. Rxd1 Bg4 17. Re1 Bf5 18. Nc5 Rad8 19. h3 Rd5 20. Nxe4 Bxe4 21.
Rxe4 Rd1+ 22. Kh2 Re8 23. f3 Bh6 24. a4 Bxc1 25. b4 Bf4+ 26. Rxf4 Rxa1 27. Rc4
Rxa4 28. Rxc7 f5 29. Kg3 Ra1 30. b5 Rb8 31. c4 Rc1 32. Rc5 e4 33. fxe4 fxe4 34.
Kf2 Re8 35. Rc7 e3+ 36. Ke2 Rc2+ 0-1

[Event "AUTO-ADV-2038"]
[Site "http://www.queenalice.com/game.php?id=930411"]
[Date "2011.4.26"]
[Round "2"]
[White "math_amorim"]
[Black "marcao"]
[Result "1-0"]
[WhiteElo "1945"]
[BlackElo "1753"]

1. e4 e5 2. Nf3 Nc6 3. Bc4 Bc5 4. b4 Bxb4 5. c3 Bc5 6. d4 exd4 7. cxd4 Bb4+ 8.
Bd2 Bxd2+ 9. Nbxd2 d6 10. Bb5 a6 11. Bxc6+ bxc6 12. Qc2 Bb7 13. O-O Nh6 14. e5
O-O 15. Rab1 Rb8 16. Ne4 d5 17. Nc5 Qc8 18. Ng5 Ba8 19. Qxh7# 1-0